三和グループ : その結束と未来戦略

שמור ב:
מידע ביבליוגרפי
מחבר ראשי: 佐藤一男(さとう いちだん)
פורמט: ספר
שפה:Undetermined
יצא לאור: 東京 日本実業出版社 1972
נושאים:
תגים: הוספת תג
אין תגיות, היה/י הראשונ/ה לתייג את הרשומה!
Thư viện lưu trữ: Trung tâm Học liệu Trường Đại học Cần Thơ
LEADER 00559nam a2200205Ia 4500
001 CTU_97493
008 210402s9999 xx 000 0 und d
082 |a 338.8 
082 |b S253 
100 |a 佐藤一男(さとう いちだん) 
245 0 |a 三和グループ : 
245 0 |b その結束と未来戦略 
245 0 |c 佐藤一男 
260 |a 東京 
260 |b 日本実業出版社 
260 |c 1972 
650 |a Corporations 
650 |z Japan 
904 |i Ngoc 
980 |a Trung tâm Học liệu Trường Đại học Cần Thơ